Atlas slovenských miest : podrobné mapy všetkých 138 miest SR

Saved in:
Bibliographic Details
Format: Book
Published: Bratislava : MAPA Slovakia, 2002
Subjects:
Tags: Add Tag
No Tags, Be the first to tag this record!

MARC

LEADER 00000nam a22000003a 4500
001 stu79751
005 20141121214726.5
008 030313s2002----------------------------d
020 |a 808871687X 
040 |a STU  |b slo 
041 0
245 |a Atlas slovenských miest :  |b podrobné mapy všetkých 138 miest SR 
260 |a Bratislava :  |b MAPA Slovakia,  |c 2002 
300 |a 351 s , formát A2 
650 7 |a Slovensko geografia  |2 stusub 
996 |b 284AU02693  |c A*3864 U  |l AAKNST  |s P  |a 0  |w stu79751_0001